Εσείς & και το μωρό σας : οδηγός για την εγκυμοσύνη & φροντίδα του μωρού : οι πρώτοι δώδεκα μήνες
Αποθηκεύτηκε σε:
| Κύριος συγγραφέας: | |
|---|---|
| Μορφή: | Βιβλίο |
| Γλώσσα: | Greek |
| Δημοσίευση: |
[Αθήνα] :
Ακμή,
[1991] βελτ., αναθεωρ.
|
| Θέματα: | |
| Ετικέτες: |
Προσθήκη ετικέτας
Δεν υπάρχουν, Καταχωρήστε ετικέτα πρώτοι!
|
MARC
| LEADER | 00000nam a2200000 i 4500 | ||
|---|---|---|---|
| 001 | 1/21721 | ||
| 008 | 961003s gre d | ||
| 035 | |a 1992 |b 1 |c Βιβλιοθήκη |l 10036377 | ||
| 040 | |a GR-MY-UA |b gre |e aacr | ||
| 041 | 0 | |a gre | |
| 082 | 0 | |a 613.0432 | |
| 100 | 1 | |a Stoppard, Miriam. | |
| 245 | 1 | 0 | |a Εσείς & και το μωρό σας : |b οδηγός για την εγκυμοσύνη & φροντίδα του μωρού : οι πρώτοι δώδεκα μήνες / |c Miriam Stoppard |
| 260 | |a [Αθήνα] : |b Ακμή, |c [1991] βελτ., αναθεωρ. | ||
| 300 | |a 159 σ. | ||
| 650 | 0 | 0 | |a Children |x Health and hygiene. |
| 852 | |a INST |b RHODES |e 19961003 |h 613.0432 STO |p 005400008253 |q 005400008253 |t BK |y 0 | ||
| 909 | |a Ρ |b 021936 |c 1992 | ||
| 970 | |z 2000/07/ΚΑΤΕΡΙΝΑ | ||